| 000 | 00643nam a2200181 a 4500 | ||
|---|---|---|---|
| 001 | 000002471 | ||
| 005 | 20200929150210.0 | ||
| 008 | 090702s1988 sp a 000 0 spa d | ||
| 020 | _a8486168376 | ||
| 040 |
_aDO-SdBNP _bspa _cBNPHU |
||
| 082 |
_axxxx _bP227m |
||
| 100 | 1 |
_aParedes Alonso, Javier _97791 |
|
| 245 | 1 | 0 |
_aMercaderes de libros : _bcuatro siglos de historia de la Hermandad de San Gerónimo / _cJavier Paredes Alonso. |
| 260 |
_aMadrid : _bFundación Germán Sánchez Ruipérez, _c1988. |
||
| 300 |
_a357 p. : _bil. ; _c22 cm. |
||
| 500 | _aIncluye índice | ||
| 500 | _aIncluye referencias bibliográficas y notas al pie de páginas. | ||
| 999 |
_c2307 _d2307 |
||